00448nam a2200157Ia 4500008004100000100002400041245006200065245002300127260002400150260000900174300002400183440003300207650002100240650001400261650001500275190430s9999 xx 000 0 und d aTalavera, Catherine aIntegrated effort needed for Manila Bay cleanup - Cimatu/ cCatherine Talavera bThe Philippine Star c2019 aPage 14, January 18 aThe Philippine Starv33: 175 aclean-up program aGeography aManila bay